| 000 | 00765nam a2200205 a 4500 | ||
|---|---|---|---|
| 005 | 20230331063548.0 | ||
| 008 | 991125s1982 mx 000 0 spa u | ||
| 035 | _aUPN01000042659 | ||
| 049 | _aCG | ||
| 050 | 4 |
_aLB1719 M6 _bW4.6 |
|
| 100 | 1 | _aWeitzner de Shwedel, Esther J. | |
| 245 | 1 | 0 |
_aOptimización de la correspondencia entre la formación docente y los requerimientos de su práctica : _binforme final / _cresponsable Esther J. Weitzner de Shwedel ; colab. María Jaber Zaga. |
| 260 |
_aMéxico : _bISEAC, _c1982. |
||
| 300 | _a1 v. (en varias paginaciones) | ||
| 650 | 4 |
_aMaestros _xFormación profesional _zMéxico _9796 |
|
| 650 | 4 |
_aPrácticas de la enseñanza _92849 |
|
| 700 | 1 |
_aJaber Zaga, María, _ecolab. |
|
| 905 | _aLibro | ||
| 999 |
_c42659 _d42659 |
||